• 首页
  • 本馆介绍
  • 公告通知
  • 最新文献
  • 馆藏检索
  • 电子资源
  • 读者导购
  • 参考咨询
  • 我的图书馆
  • 登录
  • 详细信息显示
  • 放入我的书架
  • 预约/预借图书
  • 作者相关作品
  • 分类相关作品
  • 丛书相关作品
  • 出版社相关作品

书目信息

  • 表格格式
  • 工作单格式
  • 卡片格式
题名:
生活窍门那些事儿
    
 
作者: 卓雅 主编
分册:  
出版信息: 北京   中国建材工业出版社  2010
页数: 252页
开本: 24cm
丛书名: 百姓书坊系列丛书
单 册:
中图分类: TS976.3
科图分类:
主题词: 家庭生活--基本知识 , 家庭生活
电子资源:
ISBN: 978-7-80227-669-7
000 00950oam2 2200265 45
001 1050885765
005 20100420100714.02
010    @a978-7-80227-669-7@dCNY26.00
100    @a20100408d2010 em y0chiy50 ea
101 0  @achi
102    @aCN@b110000
105    @aa z 000yy
106    @ar
200 1  @a生活窍门那些事儿@ASheng Huo Qiao Men Na Xie Shi Er@f卓雅主编@FZhuo Ya Zhu Bian
210    @a北京@c中国建材工业出版社@d2010
215    @a252页@c图@d24cm
225 2  @a百姓书坊系列丛书
330    @a本书立足于百姓生活的实际,从现代生活的需要出发,分门别类地提供日常生活中必备的各种窍门儿,内容涉及衣着打扮、健康饮食、家居生活、家庭收纳及农产品的存放等方方面面,都是大家在日常生活中备受关注且最容易忽视的问题。
461  0 @12001 @a百姓书坊系列丛书
606 0  @a家庭生活@x基本知识
606 0  @a家庭生活
690    @aTS976.3@v4
701  0 @a卓雅@AZhuo Ya@4主编
801  0 @aCN@bTANGWEI@c20100420
905    @b0591419-23@dTS976.3@e290@f5
    
    生活窍门那些事儿/卓雅主编.-北京:中国建材工业出版社,2010
    252页:图;24cm.-(百姓书坊系列丛书)
    
    
    ISBN 978-7-80227-669-7:CNY26.00
    本书立足于百姓生活的实际,从现代生活的需要出发,分门别类地提供日常生活中必备的各种窍门儿,内容涉及衣着打扮、健康饮食、家居生活、家庭收纳及农产品的存放等方方面面,都是大家在日常生活中备受关注且最容易忽视的问题。
●
相关链接 在E读中查询图书 在五车中查询图书 在当当中查询图书 在豆瓣中查询图书


正题名:生活窍门那些事儿     索取号:TS976.3/290         预约/预借

序号 登录号 条形码 馆藏地/架位号 状态 备注
1 0591419   205914199   第二样本阅览室/ [索取号:TS976.3/290] 在馆    
2 0591420   205914206   第三借阅区/ [索取号:TS976.3/290] 在馆    
3 0591421   205914215   第三借阅区/ [索取号:TS976.3/290] 在馆    
4 0591422   205914224   第三借阅区/ [索取号:TS976.3/290] 在馆    
5 0591423   205914233   密集书库-生命科学系/ [索取号:TS976.3/290] 在馆    
唐山师范学院图书馆 欢迎您!
大连网信软件有限公司© 版权所有